Roofman / directed by Derek Cianfrance ; ... Read More
Available copies
- 6 of 6 copies available at LARL/NWRL Consortium.
- 5 of 5 copies available at Lake Agassiz Regional Library. (Show preferred library)
Current holds
1 current hold with 6 total copies.
Show Only Available Copies
| Location | Call Number / Copy Notes | Barcode | Shelving Location | Status | Due Date |
|---|---|---|---|---|---|
| Cormorant LINK Site | DVD ROO (Text) | 33500014324990 | Main | Available | - |
| Crookston Public Library | DVD ROO (Text) | 33500014324982 | Main | Available | - |
| Detroit Lakes Public Library | DVD ROO (Text) | 33500014325005 | Main | Available | - |
| Detroit Lakes Public Library | DVD ROO (Text) | 33500014325013 | Main | Available | - |
| Hendrum LINK Site | DVD ROO (Text) | 33500014324974 | Main | Available | - |
| Godel Memorial-Warren Library | DVD ROO (Text) | 35500006396251 | New | Available | - |
Record details
- Physical Description: 1 videodisc (125 min.) : sound, color ; 4 3/4 in.
- Publisher: Hollywood, California : Paramount, [2026]
Content descriptions
| General Note: | Originally released as a motion picture in 2025. Wide screen (2.39:1). |
| Creation/Production Credits Note: | Cinematographer, Andrij Parekh ; edited by Ron ... Read More |
| Participant or Performer Note: | Channing Tatum, Kirsten Dunst, Ben Mendelsohn, ... Read More |
| Summary, etc.: | Based on an unbelievable true story, Roofman ... Read More |
| Target Audience Note: | MPA rating: R; for language, nudity and brief ... Read More CHV Rating: 14A; for coarse language and sexually ... Read More |
| System Details Note: | DVD; NTSC, region 1; wide screen (2.39:1); Dolby ... Read More |
| Language Note: | English or French dialogue; English, French or ... Read More |
Search for related items by subject
| Subject: | Thieves > Drama. Escaped prisoners > Drama. Veterans > United States > Drama. Fathers > Drama. Man-woman relationships > Drama. Toys "R" Us (Firm) > Drama. |
| Genre: | Crime films. Dark comedy films. Feature films. Fiction films. Video recordings for the hearing impaired. Video recordings for people with visual disabilities. |
| LDR | 06402cgm a2201141 i 4500 | ||
|---|---|---|---|
| 001 | 475469 | ||
| 003 | LARL_NWRL_CONSORTIUM | ||
| 005 | 20260116200501.0 | ||
| 008 | 251106p20262025cau125 e vleng d | ||
| 007 | vd cvaizq | ||
| 040 | . | ‡aTEFMT ‡beng ‡erda ‡cTEFMT ‡dTEF ‡dOCLCO ‡dTEFMT ‡dOPW ‡dWIQ ‡dOQX ‡dRNL ‡dINO | |
| 024 | 1 | . | ‡a843501637364 |
| 024 | 1 | . | ‡a843501637388 |
| 028 | 4 | 2. | ‡a1637362 ‡bParamount ‡q(container) |
| 035 | . | ‡a(OCoLC)1548595794 | |
| 037 | . | ‡bMidwest Tape ‡nhttp://www.midwesttapes.com | |
| 041 | 1 | . | ‡aeng ‡afre ‡jeng ‡jfre ‡jspa ‡peng ‡qeng ‡heng |
| 043 | . | ‡an-us--- | |
| 046 | . | ‡k2025 ‡2edtf | |
| 082 | 0 | 4. | ‡a791.43/72 ‡223/eng/20251113 |
| 245 | 0 | 0. | ‡aRoofman / ‡cdirected by Derek Cianfrance ; screenplay by Derek Cianfrance & Kirt Gunn ; produced by Jamie Patricof, Lynette Howell Taylor, Alex Orlovsky, Duncan Montgomery, Dylan Sellers ; Paramount Pictures presents ; in association with Miramax, FilmNation Entertainment and von Waaden Entertainment ; a High Frequency, Hunting Lane, 51 Entertainment, Limelight production ; a film by Derek Cianfrance. |
| 246 | 3 | . | ‡aRoof man |
| 257 | . | ‡aUnited States ‡2naf | |
| 264 | 1. | ‡aHollywood, California : ‡bParamount, ‡c[2026] | |
| 300 | . | ‡a1 videodisc (125 min.) : ‡bsound, color ; ‡c4 3/4 in. | |
| 306 | . | ‡a020500 | |
| 336 | . | ‡atwo-dimensional moving image ‡btdi ‡2rdacontent | |
| 337 | . | ‡avideo ‡bv ‡2rdamedia | |
| 338 | . | ‡avideodisc ‡bvd ‡2rdacarrier | |
| 340 | . | ‡b4 3/4 in. | |
| 340 | . | ‡gpolychrome ‡2rdacc | |
| 341 | 0 | . | ‡aauditory ‡bclosedCaptions ‡2sapdv |
| 341 | 0 | . | ‡avisual ‡daudioDescription ‡2sapdv |
| 344 | . | ‡adigital ‡2rdatr | |
| 344 | . | ‡boptical ‡2rdarm | |
| 344 | . | ‡gsurround ‡2rdacpc | |
| 344 | . | ‡hDolby digital 5.1 | |
| 345 | . | ‡c2.39:1 | |
| 345 | . | ‡dwide screen ‡2rdaar | |
| 346 | . | ‡bNTSC ‡2rdabs | |
| 347 | . | ‡avideo file ‡2rdaft | |
| 347 | . | ‡bDVD video | |
| 347 | . | ‡eregion 1 ‡2rdare | |
| 380 | . | ‡aMotion pictures ‡2lcgft | |
| 538 | . | ‡aDVD; NTSC, region 1; wide screen (2.39:1); Dolby digital 5.1. | |
| 546 | . | ‡aEnglish or French dialogue; English, French or Spanish subtitles; English subtitles for the deaf and hard of hearing (SDH); English audio description. | |
| 532 | 1 | . | ‡aEnglish subtitles for the deaf and hard of hearing |
| 532 | 1 | . | ‡aDescribed video in English |
| 511 | 1 | . | ‡aChanning Tatum, Kirsten Dunst, Ben Mendelsohn, LaKeith Stanfield, Juno Temple, Melonie Diaz, Uzo Aduba, Lily Collias, Jimmy O. Yang, Peter Dinklage. |
| 508 | . | ‡aCinematographer, Andrij Parekh ; edited by Ron Patane and Jim Helton ; music by Christopher Bear. | |
| 500 | . | ‡aOriginally released as a motion picture in 2025. | |
| 500 | . | ‡aWide screen (2.39:1). | |
| 521 | 8 | . | ‡aMPA rating: R; for language, nudity and brief sexuality. |
| 521 | 8 | . | ‡aCHV Rating: 14A; for coarse language and sexually suggestive scenes. |
| 520 | . | ‡aBased on an unbelievable true story, Roofman follows Jeffrey Manchester, an Army veteran and struggling father who turns to robbing McDonald's restaurants by cutting holes in their roofs, earning him the nickname: Roofman. After escaping prison, he secretly lives inside a Toys "R" Us for six months, surviving undetected while planning his next move. But when he falls for Leigh, a divorced mom drawn to his undeniable charm, his double life begins to unravel, setting off a compelling and suspenseful game of cat and mouse as his past closes in. | |
| 650 | 0. | ‡aThieves ‡vDrama. ‡0(LARL_NWRL_CONSORTIUM)175573 | |
| 650 | 0. | ‡aEscaped prisoners ‡vDrama. | |
| 650 | 0. | ‡aVeterans ‡zUnited States ‡vDrama. | |
| 650 | 0. | ‡aFathers ‡vDrama. | |
| 650 | 0. | ‡aMan-woman relationships ‡vDrama. ‡0(LARL_NWRL_CONSORTIUM)166008 | |
| 610 | 2 | 0. | ‡aToys "R" Us (Firm) ‡vDrama. |
| 655 | 7. | ‡aCrime films. ‡2lcgft ‡0(LARL_NWRL_CONSORTIUM)175788 | |
| 655 | 7. | ‡aDark comedy films. ‡2lcgft ‡0(LARL_NWRL_CONSORTIUM)175651 | |
| 655 | 7. | ‡aFeature films. ‡2lcgft ‡0(LARL_NWRL_CONSORTIUM)175625 | |
| 655 | 7. | ‡aFiction films. ‡2lcgft ‡0(LARL_NWRL_CONSORTIUM)175626 | |
| 655 | 7. | ‡aVideo recordings for the hearing impaired. ‡2lcgft ‡0(LARL_NWRL_CONSORTIUM)175744 | |
| 655 | 7. | ‡aVideo recordings for people with visual disabilities. ‡2lcgft ‡0(LARL_NWRL_CONSORTIUM)175745 | |
| 700 | 1 | . | ‡aCianfrance, Derek, ‡efilm director, ‡escreenwriter. |
| 700 | 1 | . | ‡aGunn, Kirt, ‡escreenwriter. |
| 700 | 1 | . | ‡aPatricof, Jamie, ‡efilm producer. ‡0(LARL_NWRL_CONSORTIUM)216665 |
| 700 | 1 | . | ‡aHowell, Lynette, ‡d1979- ‡efilm producer. |
| 700 | 1 | . | ‡aOrlovsky, Alex, ‡efilm producer. ‡0(LARL_NWRL_CONSORTIUM)217317 |
| 700 | 1 | . | ‡aMontgomery, Duncan, ‡efilm producer. |
| 700 | 1 | . | ‡aSellers, Dylan, ‡efilm producer. ‡0(LARL_NWRL_CONSORTIUM)214984 |
| 700 | 1 | . | ‡aTatum, Channing, ‡eactor. ‡0(LARL_NWRL_CONSORTIUM)210122 |
| 700 | 1 | . | ‡aDunst, Kirsten, ‡d1982- ‡eactor. ‡0(LARL_NWRL_CONSORTIUM)141005 |
| 700 | 1 | . | ‡aMendelsohn, Ben, ‡eactor. ‡0(LARL_NWRL_CONSORTIUM)208591 |
| 700 | 1 | . | ‡aStanfield, LaKeith, ‡d1991- ‡eactor. |
| 700 | 1 | . | ‡aTemple, Juno, ‡d1989- ‡eactor. ‡0(LARL_NWRL_CONSORTIUM)214430 |
| 700 | 1 | . | ‡aDiaz, Melonie, ‡eactor. ‡0(LARL_NWRL_CONSORTIUM)208711 |
| 700 | 1 | . | ‡aAduba, Uzo, ‡eactor. |
| 700 | 1 | . | ‡aCollias, Lily, ‡eactor. |
| 700 | 1 | . | ‡aYang, Jimmy O., ‡eactor. |
| 700 | 1 | . | ‡aDinklage, Peter, ‡eactor. ‡0(LARL_NWRL_CONSORTIUM)208496 |
| 710 | 2 | . | ‡aParamount Pictures Corporation, ‡epresenter. ‡0(LARL_NWRL_CONSORTIUM)57097 |
| 710 | 2 | . | ‡aMiramax Films, ‡epresenter. ‡0(LARL_NWRL_CONSORTIUM)11733 |
| 710 | 2 | . | ‡aFilmNation Entertainment (Firm), ‡epresenter. |
| 710 | 2 | . | ‡avon Waaden Entertainment, ‡epresenter. |
| 710 | 2 | . | ‡aHigh Frequency Entertainment, ‡eproduction company. |
| 710 | 2 | . | ‡aHunting Lane Films, ‡eproduction company. ‡0(LARL_NWRL_CONSORTIUM)218638 |
| 710 | 2 | . | ‡a51 Entertainment (Firm), ‡eproduction company. |
| 710 | 2 | . | ‡aLimelight (Firm), ‡eproduction company. |
| 710 | 2 | . | ‡aParamount Home Entertainment (Firm), ‡epublisher. ‡0(LARL_NWRL_CONSORTIUM)210140 |
| 901 | . | ‡a475469 ‡bOCoLC ‡c475469 ‡tbiblio ‡soclc | |

Add to basket
Permalink
Disable Highlighting